00692nam a2200145Ia 4500008004100000050002000041100002900061245019800090260008600288300002000374521002300394942000700417999001900424952010300443140724s9999 xx 000 0 und d aP 1b.B737 2011 aBorromeo, Joaquin Marco. aEffects of using tagLish on the programming, strategies, and ratings of the top five FM Radio Stations as perceived by selected communication students in Metro Manila /cJoaquin Marco Borromeo. aLas Piñas, Philippines :bSouthville International School and Colleges,cc2011. a47 p. :c28 cm. aMass Communication cTH c228835d228835 001040aCLbCLcTHESESd2014-07-24l0oP 1 .B737 2011pT0189r2018-05-15 00:00:00w2014-07-24yTH